Shipping and ports in the twenty-first century : (Record no. 27193)

000 -LEADER
fixed length control field 01074cam a2200301Ii 4500
006 - FIXED-LENGTH DATA ELEMENTS--ADDITIONAL MATERIAL CHARACTERISTICS--GENERAL INFORMATION
fixed length control field a|||||r|||| 00| 0
007 - PHYSICAL DESCRIPTION FIXED FIELD--GENERAL INFORMATION
fixed length control field ta
008 - FIXED-LENGTH DATA ELEMENTS--GENERAL INFORMATION
fixed length control field 180331s2004 enkab ob 001 0 eng d
020 ## - INTERNATIONAL STANDARD BOOK NUMBER
International Standard Book Number 9781134455881 (e-book: PDF)
Qualifying information (R) (e-book : PDF)
International Standard Book Number 9781134455836
Qualifying information (R) (e-book: Mobi)
International Standard Book Number 9781134455874
Qualifying information (R) (e-book: ePub)
Qualifying information (R) (hardback)
Qualifying information (R) (paperback)
082 04 - DEWEY DECIMAL CLASSIFICATION NUMBER
Classification number 387.1
Item number S557
245 00 - TITLE STATEMENT
Title Shipping and ports in the twenty-first century :
Remainder of title globalization, technological change and the environment /
260 ## - PUBLICATION, DISTRIBUTION, ETC. (IMPRINT)
Place of publication, distribution, etc London
Name of publisher, distributor, etc Taylor & Francis Group
Date of publication, distribution, etc 2004
300 ## - PHYSICAL DESCRIPTION
Extent 1 online resource (xxii, 281 pages)
490 0# - SERIES STATEMENT
Series statement Ocean management and policy series ;
Volume number/sequential designation 6
650 #0 - SUBJECT ADDED ENTRY--TOPICAL TERM
Topical term or geographic name as entry element Globalization.
Topical term or geographic name as entry element Harbors.
Topical term or geographic name as entry element Shipping.
Topical term or geographic name as entry element Technological innovations.
700 1# - ADDED ENTRY--PERSONAL NAME
Personal name Pinder, David.
Personal name Slack, Brian.
776 08 - ADDITIONAL PHYSICAL FORM ENTRY
Display text Print version:
International Standard Book Number 9780415283441
Record control number (DLC) 2003070394
856 40 - ELECTRONIC LOCATION AND ACCESS
Uniform Resource Identifier <a href="https://www.taylorfrancis.com/books/9781134455881">https://www.taylorfrancis.com/books/9781134455881</a>
Public note Click here to view.
942 ## - ADDED ENTRY ELEMENTS (KOHA)
Item type E-Book

No items available.

Designed and Maintained by IMU-KC Library, Kolkata Campus © Copyright All Rights Reserved

webs counters

Powered by Koha